Stamps of the World - Statistics

General Stats
  • This quiz has been taken 20 times
  • The average score is 8 of 16
Answer Stats
Picture Answer % Correct
France
94%
China
81%
Iceland
81%
India
63%
Germany
56%
Ethiopia
50%
Israel
50%
Kazakhstan
50%
Albania
44%
Canada
44%
Haiti
44%
Russia
44%
Vietnam
44%
Australia
38%
Liberia
25%
Trinidad and Tobago
19%
No matching quizzes found
Score Distribution
Percent of People with Each Score
Percentile by Number Answered
Your Score History
You have not taken this quiz